| 000 | 00567nam a2200217Ia 4500 | ||
|---|---|---|---|
| 003 | OSt | ||
| 005 | 20260625155810.0 | ||
| 008 | 210210b2001 xxu||||| |||| 00| 0 eng d | ||
| 040 | _cAL | ||
| 041 | _aeng | ||
| 082 | _a155.2 SCHT | ||
| 100 |
_aDuane P Schultz _9266002 |
||
| 245 | _aTheories of personality Ed 7 | ||
| 260 |
_aAustralia _bWadsworth Thomson Learning _c2001 |
||
| 300 | _axviii,541 | ||
| 650 |
_aPersonality _9266003 |
||
| 690 |
_aIndividual Psychology _9266004 |
||
| 700 |
_aSchultz, Sydney Ellen _9266005 |
||
| 906 | _a060956 | ||
| 942 |
_2ddc _cBK |
||
| 999 |
_c107912 _d107912 |
||